000 00464nam a2200157Ia 4500
003 IQ-KOUCL
041 _aArabic
082 _a810,801 cut-659 م
100 _a20260118u\\\\\\\\\\\y0engy0103\\\\ba
100 _aعبدالعلي معزوز
245 0 _aفلسفة الجمال ونظريات الفن نحو استتيقا معاصرة
250 _aط1
260 _bمنتدى المعارف
_aبيروت - لبنان
_c2023
300 _a224
942 _cBk
999 _c187097
_d187097